| Tag |
First Indicator |
Second Indicator |
Subfields |
| LEADER |
00000cam a2200000 4500 |
| 001 |
in00001892472 |
| 006 |
m | d | |
| 007 |
cr |n||||||||n |
| 008 |
870601s1790 enk|||| s 00| ||fre d |
| 005 |
20260414184936.1 |
| 035 |
|
|
|a (CStRLIN)ESTCT170867
|
| 040 |
|
|
|a Uk-ES
|c Uk-ES
|d Cu-RivES
|d CStRLIN
|d Thomson Gale
|d UtOrBLW
|
| 100 |
0 |
|
|a Joseph
|b III,
|c Holy Roman Emperor,
|d 1741-1790.
|
| 245 |
1 |
0 |
|a Recueil de lettres originales de l'Empereur Joseph II :
|b au Général d'Alton, commandant les troupes aux Pays-Bas. Depuis Décembre 1787 jusqu'en Novembre 1789.
|
| 264 |
|
1 |
|a Londres :
|b chez G. G. J. & J. Robinson,
|c 1790.
|
| 300 |
|
|
|a xl, 197, 3 unnumbered pages ;
|c 8⁰.
|
| 336 |
|
|
|a text
|b txt
|2 rdacontent
|
| 337 |
|
|
|a computer
|b c
|2 rdamedia
|
| 338 |
|
|
|a online resource
|b cr
|2 rdacarrier
|
| 500 |
|
|
|a With a final advertisement leaf.
|
| 500 |
|
|
|a Horizontal chain lines.
|
| 500 |
|
|
|a Reproduction of original from the National Library of Scotland.
|
| 510 |
4 |
|
|a English Short Title Catalog,
|c ESTCT170867.
|
| 533 |
|
|
|a Electronic reproduction.
|b Farmington Hills, Mich. :
|c Thomson Gale,
|d 2003.
|n Available via the World Wide Web.
|n Access limited by licensing agreements
|7 s2003 miunns
|
| 500 |
|
|
|a Electronic resource.
|
| 830 |
|
0 |
|a Eighteenth century collections online.
|
| 856 |
4 |
0 |
|u http://proxy.library.tamu.edu/login?url=https://galenet.galegroup.com/servlet/ECCO?c=1&stp=Author&ste=11&af=BN&ae=T170867&tiPG=1&dd=0&dc=flc&docNum=CW107663406&vrsn=1.0&srchtp=a&d4=0.33&n=10&SU=0LRL+OR+0LRI&locID=txshracd2898
|z Full text online
|t 0
|
| 999 |
|
|
|a MARS
|
| 999 |
f |
f |
|s 22bf2ed9-eddf-33d0-be62-5ebeb28ca36e
|i ac4ef39f-6442-30fb-b3bc-657d04ccfd94
|t 0
|
| 952 |
f |
f |
|a Texas A&M University
|b College Station
|c Electronic Resources
|s www_evans
|d Available Online
|t 0
|h No information provided
|
| 998 |
f |
f |
|t 0
|l Available Online
|